000 00654nam a2200277Ia 4500
005 20260324133613.0
008 008 260324s9999 xx 000 0 eng d
020 _a9780203633915
037 _aEBOOK
040 _aCRL
040 _beng
040 _cCRL
041 _2eng
041 _aeng
084 _qCRL
100 _aAlan Avery-Peck; Jacob Neusner
_91193706
245 4 _aThe Routledge Dictionary of Judaism
260 _bTaylor and Francis
260 _c2003
365 _a
365 _b180
856 _uhttp://www.taylorfrancis.com/books/9780203633915
942 _cEBOOK
999 _c1792931
_d1792931